000 00995nam a2200253Ia 4500
999 _c36043
_d36043
001 1942
003 GE_BSU
005 20221010170800.0
008 181216s2007ru xx |||||||||||||| ||rus||
020 _a9785238011974
040 _cGE_BSU
041 _arus
080 _a347.7(075.8) К-68
245 _aКорпоративное право :
_bУчебное пособие для студ. вузов. /
_cПод. ред. И.А. Еремичева, У.А.Павлова
250 _a 2-е изд, перераб. и доп.
264 _aМосква :
_bЮНИТИ ,,Закон иправо",
_c2008.
300 _a499 с.:
_b21 см.
653 _aКорпоративное право
653 _aკორპორატიული სამართალი
653 _aსამართალი
700 _a Еремичева, И.А.
_eრედაქტორი
_915216
700 _aПавлова, У.А.
_eრედაქტორი
_915217
942 _cBK
_2udc